000 00643nam a22002417a 4500
003 UA-OsUOA
001 80212
007 ta
008 20111202b un ||||| |||| 00| 0 ukr d
100 _aГрушевский М. С.
090 _a94(477)
_bГ91
942 _cBK
040 _aUA-OsUOA
_brus
_cUA-OsUOA
_dUA-OsUOA
245 _aОчерк истории украинского народа
300 _a397 с.
955 _a2
041 _arus
080 _a94(477)
020 _a5-11-001669-0
260 _aК.
_bЛыбидь
_c1990
650 7 _a9 Географія. Біографії. Історія
_2UDC
999 _c366531
_d366531